[Event "Open Sanudo"]
[Site "Venezia ITA"]
[Date "1999.02.??"]
[Round "2"]
[White "Tomio, Dante"]
[Black "Paris, Giorgio"]
[WhiteElo "1677"]
[BlackElo "1662"]
[Result "1/2-1/2"]
[PlyCount "67"]
[EventDate "1999.02.28"]

1. e4 c6 2. d4 d5 3. Nd2 dxe4 4. Nxe4 Nd7 5. Nf3 Ngf6 6. Nxf6+ Nxf6 7. Bd3 Bg4
8. c3 e6 9. h3 Bh5 10. Bg5 Be7 11. Qe2 Qd5 12. g4 Bg6 13. Bc4 Qe4 14. Qxe4 Bxe4
15. Be2 h5 16. O-O-O Nd5 17. Bd2 O-O-O 18. Rhg1 hxg4 19. Rxg4 Bg6 20. h4 Nf6
21. Rg2 Ne4 22. Rh1 Bh5 23. Rxg7 Nxf2 24. Rh2 Bf6 25. Rgg2 Ne4 26. Bg5 Bxf3 27.
Bxf3 Nxg5 28. hxg5 Bxg5+ 29. Kc2 Rxh2 30. Rxh2 Kd7 31. Rh7 Ke7 32. Bh5 Rf8 33.
Kd3 b6 34. b3 1/2-1/2

[Event "Open Sanudo"]
[Site "Venezia ITA"]
[Date "1999.02.??"]
[Round "2"]
[White "Trangoni, Bruno"]
[Black "Ballarin, Gabriele"]
[WhiteElo "1647"]
[BlackElo "1486"]
[Result "1/2-1/2"]
[PlyCount "42"]
[EventDate "1999.02.28"]

1. e4 c5 2. Nc3 Nc6 3. f4 e6 4. Nf3 Nge7 5. Be2 a6 6. a4 b6 7. O-O Bb7 8. d3 d5
9. e5 f6 10. exf6 gxf6 11. Nh4 Qd6 12. Bh5+ Kd7 13. f5 e5 14. Be3 Bg7 15. Bf2
Bh6 16. Bg3 Rag8 17. Bf7 Rg7 18. Be6+ Kc7 19. Ne2 d4 20. Bf2 Nd8 21. Ng3 Nd5
1/2-1/2

[Event "Open Sanudo"]
[Site "Venezia ITA"]
[Date "1999.02.28"]
[Round "2"]
[White "Vianello, Enrico"]
[Black "Roberti, Ignazio"]
[WhiteElo "1837"]
[BlackElo "1652"]
[Result "1-0"]
[PlyCount "108"]
[EventDate "1999.02.28"]

1. d4 Nf6 2. Bg5 Ne4 3. Bf4 d5 4. e3 e6 5. f3 Nf6 6. Bd3 c5 7. c3 Nc6 8. Ne2
Qb6 9. b3 a5 10. Nd2 Be7 11. O-O O-O 12. Kh1 Bd7 13. Qe1 Nh5 14. g4 Nxf4 15.
Nxf4 cxd4 16. exd4 Qc7 17. Qg3 Bg5 18. Qh3 h6 19. Ne2 Bxd2 20. f4 Ne7 21. Rad1
Bxc3 22. Nxc3 Ng6 23. Ne2 Qd8 24. Qh5 Be8 25. Rg1 Qc7 26. Rdf1 f5 27. Rc1 Qe7
28. Qh3 Qh4 29. Qf3 Bc6 30. gxf5 Ne7 31. Rg4 Qf6 32. fxe6 Qxe6 33. Rcg1 Rf7 34.
Bg6 Nxg6 35. Rxg6 Qe7 36. Rxh6 Rf6 37. Rh5 Raf8 38. Qg4 Qe4+ 39. Rg2 Qb1+ 40.
Ng1 R6f7 41. Qh4 Rf6 42. Rh8+ Kf7 43. Rxf8+ Kxf8 44. Qh8+ Kf7 45. Qxg7+ Ke6 46.
Re2+ Qe4+ 47. Rxe4+ dxe4 48. Qg8+ Kf5 49. Qg5+ Ke6 50. d5+ Kf7 51. dxc6 bxc6
52. h4 e3 53. h5 Re6 54. h6 Rg6 1-0

[Event "Open Sanudo"]
[Site "Venezia ITA"]
[Date "1999.02.??"]
[Round "3"]
[White "Carlassara, Renato"]
[Black "Marcuzzo, Giorgio"]
[WhiteElo "1564"]
[BlackElo "1537"]
[Result "1-0"]
[PlyCount "59"]
[EventDate "1999.02.28"]

1. e4 g6 2. d4 d6 3. Nc3 Nf6 4. Bg5 Bg7 5. f4 O-O 6. Nf3 c5 7. e5 cxd4 8. Nxd4
dxe5 9. fxe5 Ng4 10. Be2 Nxe5 11. Ndb5 Bd7 12. Nd5 Nbc6 13. O-O h6 14. Bh4 g5
15. Bf2 e6 16. Ndc7 Nd4 17. Bxd4 Bxb5 18. Nxb5 a6 19. Nc3 Qc7 20. Qe1 Rad8 21.
Bf2 Nc4 22. Bxc4 Qxc4 23. Qe4 Qxe4 24. Nxe4 f5 25. Nc5 Rd2 26. Nxe6 Re8 27.
Nxg7 Kxg7 28. c4 Ree2 29. Rae1 Rxb2 30. Bd4+ 1-0

[Event "Open Sanudo"]
[Site "Venezia ITA"]
[Date "1999.02.??"]
[Round "3"]
[White "Castellano, Alfonso"]
[Black "Ballarin, Gabriele"]
[WhiteElo "1773"]
[BlackElo "1486"]
[Result "1/2-1/2"]
[PlyCount "111"]
[EventDate "1999.02.28"]

1. c4 e5 2. Nc3 Nc6 3. g3 Bc5 4. Bg2 Nge7 5. e3 d6 6. Nge2 Bg4 7. O-O Qd7 8.
Re1 h5 9. h4 g5 10. f3 Bh3 11. d4 exd4 12. exd4 Bb4 13. Bxg5 O-O-O 14. a3 Bxg2
15. Kxg2 Bxc3 16. Nxc3 Rdg8 17. Ne4 Rxg5 18. Nxg5 Nf5 19. Re4 f6 20. f4 fxg5
21. fxg5 Ncxd4 22. Kh2 Nc6 23. Qg1 b6 24. Qg2 Kb8 25. Rd1 Qg7 26. Qf2 Nfe7 27.
Qf6 Rh7 28. Rf1 Ne5 29. Kh3 N7g6 30. Qe6 Qd7 31. Rf6 Re7 32. Qxd7 Rxd7 33. b4
Kb7 34. Kg2 a6 35. Re6 Rg7 36. Rf6 Kc8 37. c5 Kd7 38. cxd6 cxd6 39. Rd4 Nf7 40.
Kh3 Nge5 41. Rdf4 Ke7 42. Rd4 Rg6 43. Rf2 Nd8 44. Rdf4 Ndf7 45. Rd4 Nd8 46. Rc2
Kd7 47. Rd5 b5 48. Rcd2 Ndf7 49. Kg2 Nc4 50. R2d3 Nfe5 51. Rc3 Ke6 52. Rd4 d5
53. Kf2 Ng4+ 54. Ke2 Kd6 55. Rcd3 Re6+ 56. Kf1 1/2-1/2

[Event "Open Sanudo"]
[Site "Venezia ITA"]
[Date "1999.02.??"]
[Round "3"]
[White "Fragni, Enrico"]
[Black "Tomio, Dante"]
[WhiteElo "1603"]
[BlackElo "1677"]
[Result "0-1"]
[PlyCount "63"]
[EventDate "1999.02.28"]

1. c4 Nf6 2. Nc3 g6 3. Nf3 Bg7 4. e4 d6 5. Be2 O-O 6. d4 e5 7. d5 a5 8. O-O Na6
9. Bg5 Nc5 10. Nd2 h6 11. Be3 Ne8 12. Nb3 b6 13. Nxc5 dxc5 14. Qd2 Kh7 15. Bd3
f5 16. exf5 gxf5 17. f3 Nd6 18. g4 Qf6 19. Rf2 Rg8 20. Kh1 Nf7 21. gxf5 Bxf5
22. Ne4 Bxe4 23. Bxe4+ Kh8 24. Rg2 Nd6 25. Bd3 Nf5 26. Bf2 Nd4 27. Bxd4 exd4
28. Be4 Raf8 29. Rag1 Qf4 30. Qc2 Be5 31. Rg6 d3 32. Qg2 0-1

[Event "Open Sanudo"]
[Site "Venezia ITA"]
[Date "1999.02.??"]
[Round "3"]
[White "Muradore, Aldo"]
[Black "Gonzales, Guillermo"]
[WhiteElo "1419"]
[BlackElo "1476"]
[Result "0-1"]
[PlyCount "50"]
[EventDate "1999.02.28"]

1. d4 c5 2. c3 d5 3. Nf3 Nc6 4. g3 Bg4 5. Bg2 Nf6 6. O-O e6 7. Bg5 Be7 8. e3
Ne4 9. Bxe7 Qxe7 10. Qc2 Rc8 11. Nbd2 f5 12. Qa4 O-O 13. Rac1 a6 14. Nxe4 fxe4
15. Nd2 Qg5 16. Rce1 Qh5 17. f3 exf3 18. Bh1 Rf6 19. Rf2 Rcf8 20. e4 cxd4 21.
cxd4 b5 22. Qxa6 Nxd4 23. h4 Ne2+ 24. Kh2 Qe5 25. Nf1 Qd4 0-1

[Event "Open Sanudo"]
[Site "Venezia ITA"]
[Date "1999.02.??"]
[Round "3"]
[White "Paris, Giorgio"]
[Black "Rodeghiero, Andrea"]
[WhiteElo "1662"]
[BlackElo "1648"]
[Result "0-1"]
[PlyCount "97"]
[EventDate "1999.02.28"]

1. e4 c5 2. Nf3 g6 3. d4 Bg7 4. Nc3 cxd4 5. Nxd4 Nc6 6. Be3 d6 7. Be2 Nf6 8.
O-O O-O 9. Kh1 Bd7 10. f4 e6 11. Bf3 Qc7 12. Qd2 Nxd4 13. Bxd4 Bc6 14. Rad1
Rfd8 15. Qf2 Nd7 16. Bxg7 Kxg7 17. Qd4+ Kg8 18. g4 b5 19. a3 Qb6 20. Qd2 Qb7
21. Kg2 Nc5 22. Qe3 b4 23. axb4 Qxb4 24. b3 a5 25. f5 a4 26. bxa4 Nxa4 27. Rd3
Nxc3 28. Rxc3 Bb5 29. Rf2 Rac8 30. Rb3 Qc5 31. Qh6 Ba4 32. Rb7 Qe5 33. Qh4 Re8
34. Qh6 Rxc2 35. Rxc2 Bxc2 36. Qe3 d5 37. Rb5 Bxe4 38. Bxe4 Qxe4+ 39. Qxe4 dxe4
40. Re5 gxf5 41. gxf5 Kg7 42. Rxe4 Kf6 43. Rf4 Rg8+ 44. Kf3 Rg5 45. Ke4 Rh5 46.
Rf2 h6 47. Rf4 Rxh2 48. Kf3 Rh5 49. Kg4 0-1

[Event "Open Sanudo"]
[Site "Venezia ITA"]
[Date "1999.02.??"]
[Round "3"]
[White "Roberti, Ignazio"]
[Black "Alburno, Franco"]
[WhiteElo "1652"]
[BlackElo "1471"]
[Result "1-0"]
[PlyCount "58"]
[EventDate "1999.02.28"]

1. e4 e6 2. d4 d5 3. Nc3 Bb4 4. e5 c5 5. a3 Bxc3+ 6. bxc3 Qc7 7. Qg4 Ne7 8.
Qxg7 Rg8 9. Qxh7 cxd4 10. Ne2 Nbc6 11. f4 Bd7 12. Qd3 dxc3 13. Rb1 Nf5 14. Nxc3
Nxe5 15. fxe5 Qxe5+ 16. Ne2 Rg4 17. g3 Bc6 18. Bg2 Kd7 19. Bf4 Qf6 20. c4 Ne7
21. cxd5 exd5 22. Bh3 Rag8 23. Nd4 R8g7 24. O-O Qg6 25. Qxg6 R7xg6 26. Nf3 Ke8
27. Ne5 Rxf4 28. Rxf4 f6 29. Nxg6 Nxg6 1-0

[Event "Open Sanudo"]
[Site "Venezia ITA"]
[Date "1999.02.??"]
[Round "3"]
[White "Trangoni, Bruno"]
[Black "Vianello, Enrico"]
[WhiteElo "1647"]
[BlackElo "1837"]
[Result "1-0"]
[PlyCount "45"]
[EventDate "1999.02.28"]

1. e4 c5 2. Nc3 Nc6 3. f4 e6 4. Nf3 g6 5. Be2 Bg7 6. e5 d6 7. exd6 Qxd6 8. Ne4
Qe7 9. O-O b6 10. c3 Bb7 11. Bb5 Qc7 12. Ne5 Bxe5 13. fxe5 Qxe5 14. d3 Qc7 15.
Qf3 O-O-O 16. Bxc6 Bxc6 17. Qxf7 Qxf7 18. Rxf7 Rxd3 19. Rf8+ Rd8 20. Nd6+ Kd7
21. Rxd8+ Kxd8 22. Nf7+ Ke8 23. Nxh8 1-0

[Event "Open Sanudo"]
[Site "Venezia ITA"]
[Date "1999.02.??"]
[Round "4"]
[White "Ballarin, Gabriele"]
[Black "Gonzales, Guillermo"]
[WhiteElo "1486"]
[BlackElo "1476"]
[Result "1-0"]
[PlyCount "81"]
[EventDate "1999.02.28"]

1. e4 e5 2. Bc4 Nf6 3. d3 Bc5 4. Nc3 d6 5. Na4 Bb6 6. Nxb6 axb6 7. f4 Bg4 8.
Nf3 Nc6 9. c3 Na5 10. Bb5+ c6 11. Ba4 b5 12. Bc2 d5 13. h3 Bxf3 14. Qxf3 dxe4
15. dxe4 Nc4 16. b3 Na3 17. Bd3 Qe7 18. f5 Nd7 19. Bb2 b4 20. c4 Nc5 21. O-O
Nxd3 22. Qxd3 Rd8 23. Qe2 f6 24. Rad1 O-O 25. Rf3 Rxd1+ 26. Qxd1 Rd8 27. Rd3
Rxd3 28. Qxd3 h6 29. Kf1 Kf8 30. Ke2 Ke8 31. g4 Qc5 32. Qe3 Qxe3+ 33. Kxe3 Nc2+
34. Kd3 Ne1+ 35. Ke2 Ng2 36. Bc1 Kf7 37. c5 Nf4+ 38. Bxf4 exf4 39. Kf3 g5 40.
fxg6+ Kxg6 41. Kxf4 1-0

[Event "Open Sanudo"]
[Site "Venezia ITA"]
[Date "1999.02.??"]
[Round "4"]
[White "Fragni, Enrico"]
[Black "Paris, Giorgio"]
[WhiteElo "1603"]
[BlackElo "1662"]
[Result "0-1"]
[PlyCount "70"]
[EventDate "1999.02.28"]

1. c4 Nf6 2. Nc3 d5 3. e3 e5 4. Nf3 Nc6 5. cxd5 Nxd5 6. Qa4 Nb6 7. Qe4 f5 8.
Qb1 a6 9. Be2 Bd6 10. d3 Be6 11. Bd2 Qf6 12. a3 O-O 13. Qc2 Qg6 14. g3 Na5 15.
Rb1 Nb3 16. d4 Nxd2 17. Nxd2 Rae8 18. d5 Bd7 19. O-O Qh6 20. f4 Kh8 21. Nf3
exf4 22. exf4 c6 23. Rbd1 cxd5 24. Nxd5 Nxd5 25. Rxd5 Bc6 26. Rxf5 Rxf5 27.
Qxf5 Rxe2 28. h4 Qe6 29. Qxe6 Rxe6 30. Kh2 Re2+ 31. Kh3 Rxb2 32. Ng5 Bg2+ 33.
Kg4 Bxf1 34. Nf7+ Kg8 35. Nxd6 b5 0-1

[Event "Open Sanudo"]
[Site "Venezia ITA"]
[Date "1999.02.??"]
[Round "4"]
[White "Litrico, Paolo"]
[Black "Castellano, Alfonso"]
[WhiteElo "1549"]
[BlackElo "1773"]
[Result "0-1"]
[PlyCount "106"]
[EventDate "1999.02.28"]

1. d4 d5 2. c4 e6 3. cxd5 exd5 4. Nc3 Nf6 5. Bg5 Be7 6. e3 c6 7. Qc2 Be6 8. Bd3
Nbd7 9. Nge2 Rc8 10. Nf4 O-O 11. O-O Re8 12. Rfd1 Nf8 13. Nxe6 fxe6 14. Rac1
Ng4 15. Bxe7 Rxe7 16. h3 Nf6 17. Ne2 N6d7 18. Qd2 Rf7 19. b3 e5 20. dxe5 Nxe5
21. Bb1 Qh4 22. Ng3 g6 23. Qb2 Qf6 24. Qd2 Ne6 25. Qe2 Rcf8 26. Nh1 g5 27. Rd2
Qh6 28. b4 Rf3 29. Kf1 Rxh3 30. gxh3 Qxh3+ 31. Ke1 Qxh1+ 32. Qf1 Nf3+ 33. Ke2
Qxf1+ 34. Rxf1 Nxd2 35. Kxd2 Kg7 36. Ke2 h6 37. Rg1 Kf6 38. Rg3 Ke5 39. Rh3 Rf6
40. Rh5 a6 41. a3 d4 42. f4+ Rxf4 43. Rxh6 Rh4 44. Rxh4 gxh4 45. exd4+ Kxd4 46.
Bf5 Nc7 47. Bc8 b6 48. Bb7 c5 49. bxc5 bxc5 50. Bc8 a5 51. a4 Kc3 52. Kf2 Kb2
53. Kg2 Ka3 0-1

[Event "Open Sanudo"]
[Site "Venezia ITA"]
[Date "1999.02.??"]
[Round "4"]
[White "Tomio, Dante"]
[Black "Muradore, Aldo"]
[WhiteElo "1677"]
[BlackElo "1419"]
[Result "1-0"]
[PlyCount "76"]
[EventDate "1999.02.28"]

1. e4 d6 2. d4 c6 3. Nc3 Qc7 4. f4 Nd7 5. Nf3 Nb6 6. Be3 Bg4 7. h3 Bxf3 8. Qxf3
e6 9. Bd3 Nf6 10. O-O Be7 11. a4 a5 12. Rfe1 O-O 13. g4 d5 14. e5 Nfd7 15. g5
c5 16. Nb5 Qd8 17. c3 cxd4 18. cxd4 Rc8 19. b3 Bb4 20. Rec1 Rxc1+ 21. Rxc1 Qe7
22. Rc7 Rb8 23. f5 Na8 24. f6 Qd8 25. Bxh7+ Kxh7 26. Qh5+ Kg8 27. fxg7 Kxg7 28.
Qh6+ Kg8 29. g6 fxg6 30. Qxg6+ Kh8 31. Qh6+ Kg8 32. Qxe6+ Kh8 33. Rxd7 Qg8+ 34.
Qxg8+ Rxg8+ 35. Kf2 Rf8+ 36. Ke2 Nb6 37. Rxb7 Na8 38. Bg5 Rc8 1-0

[Event "Open Sanudo"]
[Site "Venezia ITA"]
[Date "1999.02.??"]
[Round "4"]
[White "Vianello, Enrico"]
[Black "Carlassara, Renato"]
[WhiteElo "1837"]
[BlackElo "1564"]
[Result "1-0"]
[PlyCount "36"]
[EventDate "1999.02.28"]

1. d4 d5 2. c4 e6 3. Nc3 c5 4. cxd5 exd5 5. Nf3 Nc6 6. g3 Nf6 7. Bg5 Be7 8. Bg2
O-O 9. O-O Be6 10. dxc5 d4 11. Bxf6 Bxf6 12. Ne4 Be7 13. b4 Nxb4 14. Nxd4 Bxa2
15. Nf5 Rc8 16. Rxa2 Nxa2 17. Qa1 Bf6 18. Qxa2 a6 1-0

[Event "Open Sanudo"]
[Site "Venezia ITA"]
[Date "1999.02.??"]
[Round "5"]
[White "Ballarin, Gabriele"]
[Black "Vianello, Enrico"]
[WhiteElo "1486"]
[BlackElo "1837"]
[Result "1-0"]
[PlyCount "101"]
[EventDate "1999.02.28"]

1. e4 c5 2. Nc3 Nc6 3. f4 e6 4. Nf3 Nge7 5. Be2 g6 6. O-O Bg7 7. Qe1 d6 8. d3
Nd4 9. Bd1 Bd7 10. Ne2 b5 11. c3 Nxf3+ 12. Rxf3 Rb8 13. h3 O-O 14. g4 f5 15.
Qh4 Bc6 16. Bc2 Qc7 17. Be3 c4 18. Nd4 Bxd4 19. Bxd4 cxd3 20. Bb3 d5 21. exf5
exf5 22. Re1 Rb7 23. Bc5 Rf7 24. Re5 fxg4 25. hxg4 d2 26. Rd3 Nc8 27. Qg5 Nb6
28. Ba3 Nc4 29. Bxc4 dxc4 30. Rxd2 Rb8 31. Bd6 Qb6+ 32. Bc5 Qb7 33. Rd8+ Rf8
34. Rxf8+ Rxf8 35. Bxf8 Kxf8 36. Qd8+ Kf7 37. Qh8 Qd7 38. Qxh7+ Kf8 39. Qxd7
Bxd7 40. g5 Kf7 41. Kf2 a6 42. Ke3 Bf5 43. Kd4 Bb1 44. a3 Bf5 45. Rxf5+ gxf5
46. Kc5 Kg6 47. Kb6 Kh5 48. Kxa6 Kg4 49. g6 Kxf4 50. g7 Ke3 51. g8=Q 1-0

[Event "Open Sanudo"]
[Site "Venezia ITA"]
[Date "1999.02.??"]
[Round "5"]
[White "Castellano, Alfonso"]
[Black "Tomio, Dante"]
[WhiteElo "1773"]
[BlackElo "1677"]
[Result "0-1"]
[PlyCount "111"]
[EventDate "1999.02.28"]

1. c4 Nf6 2. Nc3 g6 3. g3 c6 4. e4 d6 5. Bg2 Bg7 6. Nge2 O-O 7. O-O e5 8. d4
Qc7 9. b3 Nbd7 10. d5 c5 11. f4 a6 12. f5 Rb8 13. Qd3 b5 14. Rb1 b4 15. Nd1 Re8
16. Ne3 a5 17. g4 Bh6 18. Bf3 Kh8 19. h4 Bf4 20. g5 Ng8 21. Bb2 Bxe3+ 22. Qxe3
a4 23. Bg4 axb3 24. axb3 Nf8 25. Qh3 Qe7 26. Rf2 Ra8 27. Rbf1 Ra2 28. Nc1 Ra7
29. Nd3 Nd7 30. fxg6 fxg6 31. Rf7 Qd8 32. Rxh7+ Kxh7 33. Rf7+ Kh8 34. h5 Qxg5
35. hxg6+ Nh6 36. Rh7+ Kg8 37. Rxh6 Nf6 38. Rh8+ Kg7 39. Rh7+ Nxh7 40. Qxh7+
Kf6 41. Qxa7 Qxg4+ 42. Kf1 Qf3+ 43. Nf2 Bh3+ 44. Ke1 Qe3+ 45. Kd1 Qxb3+ 46. Kc1
Qxc4+ 47. Kb1 Qf1+ 48. Ka2 Re7 49. Qb6 Rd7 50. Qb8 Kxg6 51. Qg8+ Rg7 52. Qe8+
Rf7 53. Qg8+ Rg7 54. Qe8+ Kg5 55. Qd8+ Kg6 56. Qxd6+ 0-1

[Event "Open Sanudo"]
[Site "Venezia ITA"]
[Date "1999.02.??"]
[Round "5"]
[White "Marcuzzo, Giorgio"]
[Black "Litrico, Paolo"]
[WhiteElo "1537"]
[BlackElo "1549"]
[Result "0-1"]
[PlyCount "118"]
[EventDate "1999.02.28"]

1. e4 d5 2. exd5 Qxd5 3. Nc3 Qa5 4. Bc4 Nf6 5. d3 e6 6. Bd2 Qb6 7. Bb3 Bd7 8.
Nf3 Be7 9. O-O O-O 10. Qe2 c5 11. Rfe1 Qd8 12. Ne5 Bc8 13. Rad1 Nbd7 14. Nxf7
Kxf7 15. Bxe6+ Ke8 16. Nd5 Nxd5 17. Qh5+ g6 18. Qxh7 Rf6 19. Bxd5 Nf8 20. Qg8
Rf5 21. Be4 Rf6 22. Bg5 Re6 23. Bxg6+ Rxg6 24. Rxe7+ Qxe7 25. Qxg6+ Nxg6 26.
Bxe7 Kxe7 27. d4 cxd4 28. Rxd4 Bf5 29. Rd2 Rc8 30. c3 b5 31. g3 Ne5 32. Rd5
Nf3+ 33. Kg2 Be4 34. Rd1 Rh8 35. Kf1 Nxh2+ 36. Ke1 Ke6 37. f4 Bd5 38. b3 Ng4
39. Ke2 Rh2+ 40. Ke1 Rxa2 41. c4 bxc4 42. bxc4 Bxc4 43. Rd2 Ra3 44. Rc2 Bb5 45.
f5+ Kf6 46. Kd2 Rxg3 47. Kc1 a6 48. Kb2 Kxf5 49. Rc3 Rxc3 50. Kxc3 Ke5 51. Kb4
Kd4 52. Ka3 Ne3 53. Kb4 Kd3 54. Ka3 Kc4 55. Ka2 Kb4 56. Kb2 a5 57. Ka2 a4 58.
Kb2 a3+ 59. Ka2 Bc4+ 0-1

[Event "Open Sanudo"]
[Site "Venezia ITA"]
[Date "1999.02.??"]
[Round "5"]
[White "Muradore, Aldo"]
[Black "Alburno, Franco"]
[WhiteElo "1419"]
[BlackElo "1471"]
[Result "1-0"]
[PlyCount "58"]
[EventDate "1999.02.28"]

1. d4 d5 2. c4 e6 3. c5 Nf6 4. Bg5 Be7 5. e3 Nbd7 6. Qc2 c6 7. b4 e5 8. dxe5
Nxe5 9. Be2 Ne4 10. Bxe7 Qxe7 11. Nf3 Ng4 12. O-O Qf6 13. Nbd2 Nc3 14. Nd4
Nxe2+ 15. Nxe2 O-O 16. Nd4 Re8 17. N2f3 Bd7 18. Rae1 Ne5 19. Nxe5 Rxe5 20. Qd2
Rae8 21. Nf3 Re4 22. b5 Qg6 23. Kh1 Qh6 24. Ng1 R4e5 25. f4 Rh5 26. g3 cxb5 27.
Nf3 Bc6 28. Rf2 d4 29. exd4 Rxe1+ 1-0

[Event "Open Sanudo"]
[Site "Venezia ITA"]
[Date "1999.02.??"]
[Round "5"]
[White "Paris, Giorgio"]
[Black "Carlassara, Renato"]
[WhiteElo "1662"]
[BlackElo "1564"]
[Result "1-0"]
[PlyCount "41"]
[EventDate "1999.02.28"]

1. e4 e5 2. Nf3 Nc6 3. c3 d5 4. Bb5 Bg4 5. Qa4 Bxf3 6. Bxc6+ bxc6 7. Qxc6+ Ke7
8. gxf3 d4 9. f4 d3 10. fxe5 Rb8 11. c4 Rb6 12. Qd5 Ke8 13. Nc3 Qg5 14. Qxd3
Qxe5 15. Nd5 Re6 16. f3 f5 17. Qc3 Qd6 18. d3 Qd7 19. Bf4 Bd6 20. O-O-O fxe4
21. fxe4 1-0

[Event "Open Sanudo"]
[Site "Venezia ITA"]
[Date "1999.02.??"]
[Round "6"]
[White "Gonzales, Guillermo"]
[Black "Castellano, Alfonso"]
[WhiteElo "1476"]
[BlackElo "1773"]
[Result "1/2-1/2"]
[PlyCount "80"]
[EventDate "1999.02.28"]

1. e4 c5 2. Nc3 d6 3. d3 e6 4. g3 Nf6 5. Bg2 Be7 6. Nge2 Nbd7 7. O-O O-O 8. d4
cxd4 9. Nxd4 a6 10. Be3 Qc7 11. f4 Rb8 12. g4 b5 13. g5 Ne8 14. f5 Nc5 15. f6
gxf6 16. gxf6 Nxf6 17. Bg5 Ncxe4 18. Nxe4 Nxe4 19. Bxe7 Qxe7 20. Nc6 Qg5 21.
Kh1 Qh4 22. Nxb8 Nf2+ 23. Rxf2 Qxf2 24. Nc6 d5 25. Qg4+ Kh8 26. Qd4+ Qxd4 27.
Nxd4 e5 28. Ne2 Bg4 29. Re1 e4 30. Nf4 Rd8 31. Kg1 Kg7 32. Kf2 Kf6 33. c3 Rd6
34. Kg3 Bc8 35. Rd1 Ke5 36. Re1 f5 37. Nd3+ Kf6 38. Nc5 Ke5 39. Nd3+ Kf6 40.
Nf2 Ke5 1/2-1/2

[Event "Open Sanudo"]
[Site "Venezia ITA"]
[Date "1999.02.??"]
[Round "6"]
[White "Litrico, Paolo"]
[Black "Roberti, Ignazio"]
[WhiteElo "1549"]
[BlackElo "1652"]
[Result "0-1"]
[PlyCount "100"]
[EventDate "1999.02.28"]

1. d4 Nf6 2. Bg5 Ne4 3. Bf4 d5 4. e3 e6 5. Bd3 Bd6 6. Nh3 Qh4 7. Bxe4 Bxf4 8.
Nxf4 dxe4 9. Nd2 b6 10. Nxe4 Bb7 11. g3 Qe7 12. f3 Qb4+ 13. Nd2 Qxb2 14. O-O
Nd7 15. Rf2 O-O 16. Nd3 Qa3 17. e4 Nf6 18. Nb3 Rfd8 19. c4 a5 20. Nf4 a4 21.
Nc1 Qe3 22. Nce2 Bxe4 23. Ng2 Qh6 24. fxe4 Ng4 25. Rf4 Qxh2+ 26. Kf1 Qh1+ 27.
Ng1 h5 28. e5 Rd7 29. Qe2 Rad8 30. Ne3 Rxd4 31. Rxd4 Rxd4 32. Nxg4 Rxg4 33. Qd3
h4 34. Qd8+ Kh7 35. Qd3+ Qe4 36. Qxe4+ Rxe4 37. gxh4 Rxc4 38. Nf3 Rc2 39. a3
Kg6 40. Kg1 Kh5 41. Ng5 Kxh4 42. Nxf7 Rd2 43. Rc1 Rd7 44. Nh8 Kh5 45. Rc3 Kg5
46. Kg2 Kf5 47. Re3 g5 48. Kg3 g4 49. Rc3 Rh7 50. Ng6 Rh3+ 0-1

[Event "Open Sanudo"]
[Site "Venezia ITA"]
[Date "1999.02.??"]
[Round "6"]
[White "Marcuzzo, Giorgio"]
[Black "Fragni, Enrico"]
[WhiteElo "1537"]
[BlackElo "1603"]
[Result "1/2-1/2"]
[PlyCount "99"]
[EventDate "1999.02.28"]

1. e4 c6 2. d4 Qc7 3. Nc3 d6 4. Bf4 e5 5. dxe5 dxe5 6. Bg3 Bb4 7. Qd2 Nf6 8.
Bd3 Nbd7 9. Nge2 Nc5 10. a3 Ncxe4 11. Qe3 Bxc3+ 12. Nxc3 Nxg3 13. Qxg3 O-O 14.
O-O-O Bg4 15. f3 Bh5 16. Qh4 Rad8 17. Bxh7+ Nxh7 18. Qxh5 Nf6 19. Qh4 a5 20.
Rhe1 b5 21. Ne4 Nxe4 22. Qxe4 f6 23. Rxd8 Rxd8 24. Rd1 Rxd1+ 25. Kxd1 Kf7 26.
Ke2 Qd6 27. g4 Qd4 28. Qd3 Qxd3+ 29. Kxd3 Ke6 30. c4 g5 31. b4 a4 32. c5 Kd5
33. h3 Ke6 34. Ke4 Ke7 35. Kf5 Kf7 36. Ke4 Ke6 37. Ke3 Kd5 38. Kd3 Ke6 39. Ke4
Kf7 40. Kf5 Kg7 41. Ke4 Kg6 42. Ke3 f5 43. Kd3 Kf6 44. gxf5 Kxf5 45. Ke3 Kf6
46. Kd3 Ke7 47. Ke4 Kf6 48. Kd3 Kg6 49. Ke4 Kf6 50. Kd3 1/2-1/2

[Event "Open Sanudo"]
[Site "Venezia ITA"]
[Date "1999.03.14"]
[Round "6"]
[White "Vianello, Enrico"]
[Black "Paris, Giorgio"]
[WhiteElo "1837"]
[BlackElo "1662"]
[Result "1-0"]
[PlyCount "129"]
[EventDate "1999.02.28"]

1. d4 d5 2. c4 c6 3. Nf3 Nf6 4. Nc3 e6 5. e3 Be7 6. Bd3 Nbd7 7. O-O O-O 8. Qc2
h6 9. b3 a6 10. Ne5 Nxe5 11. dxe5 Nd7 12. f4 f6 13. exf6 Bxf6 14. Bb2 b5 15. e4
b4 16. Ne2 Bxb2 17. Qxb2 Nc5 18. Rad1 Nxd3 19. Rxd3 Bb7 20. Kh1 Qf6 21. e5 Qf5
22. Qd2 c5 23. Ng3 Qh7 24. Qe2 g6 25. Qg4 d4 26. Qxe6+ Kh8 27. Qd6 Rac8 28. e6
Rfe8 29. f5 Rc6 30. Qe5+ Kg8 31. Ne4 Qg7 32. Qxg7+ Kxg7 33. Rg3 Rcxe6 34. fxe6
Bxe4 35. Rg4 Rxe6 36. Rgf4 Bf5 37. g4 Be4+ 38. Kg1 g5 39. Rf7+ Kg6 40. Rc7 Rc6
41. Re7 Bc2 42. Rff7 Bb1 43. Rg7+ Kf6 44. Rgf7+ Kg6 45. Rf2 d3 46. Re5 Rd6 47.
Rd5 Rc6 48. Kf1 a5 49. Ke1 Re6+ 50. Kd1 Bc2+ 51. Kd2 Rc6 52. Rff5 Re6 53. Rde5
Rd6 54. Rxc5 Bb1 55. Rxa5 Re6 56. Rf2 Re4 57. Rg2 Rf4 58. a3 bxa3 59. Rxa3 Bc2
60. c5 Rf1 61. b4 Rd1+ 62. Kc3 Rc1 63. Kd4 Rb1 64. Ra6+ Kg7 65. Rb6 1-0

[Event "XLIV C.to Torinese Assoluto"]
[Site "Torino ITA"]
[Date "1999.11.??"]
[Round "?"]
[White "De Barberis, Massimo"]
[Black "Lo Curto, Emanuele"]
[WhiteElo "2096"]
[BlackElo "2081"]
[Result "0-1"]
[PlyCount "72"]
[EventDate "1999.11.05"]

1.Nc3 c5 2.e4 Nc6 3.Nge2 d6 4.d4 cxd4 5.Nxd4 Nf6 6.Be3 e6 7.g4 a6 8.g5 Nd7
9.h4 Be7 10.f4 Qc7 11.Qf3 b5 12.O-O-O Bb7 13.Bh3 Nc5 14.Rhe1 Rc8 15.Kb1 
O-O 16.Nxc6 Qxc6 17.Nd5 exd5 18.Bxc8 Rxc8 19.exd5 Qc7 20.Rd2 Bf8 21.Bd4 
Ne6 22.Bf2 Qa5 23.Red1 Nc7 24.h5 b4 25.h6 Nb5 26.Rd3 Rc4 27.Be1 Qc7 28.Qf1
a5 29.f5 Bc8 30.Rb3 Qc5 31.hxg7 Bxg7 32.Qe2 Be5 33.Bf2 Nd4 34.Bxd4 Rxd4 
35.Rh1 Qxd5 36.f6 Bg4 0-1

[Event "XLIV C.to Torinese Assoluto"]
[Site "Torino ITA"]
[Date "1999.11.??"]
[Round "?"]
[White "Lo Curto, Emanuele"]
[Black "Maccagno, Giancarlo"]
[WhiteElo "2081"]
[BlackElo "2180"]
[Result "1-0"]
[PlyCount "137"]
[EventDate "1999.11.05"]

1.e4 g6 2.d4 d6 3.Nc3 c6 4.Be3 Nd7 5.Qd2 Bg7 6.Nf3 Qa5 7.Bd3 Ngf6 8.O-O 
Ng4 9.Bg5 h6 10.Bh4 g5 11.Bg3 e5 12.d5 Ngf6 13.Nb5 Qxd2 14.Nxd6+ Ke7 15.
Nf5+ Kf8 16.Nxd2 cxd5 17.f3 Nh5 18.exd5 Nxg3 19.Nxg3 Nc5 20.Bf5 Ke7 21.
Nde4 b6 22.Bxc8 Rhxc8 23.Nf5+ Kf8 24.Ned6 Rd8 25.c4 Kg8 26.Ne4 Bf8 27.Rad1
Kh7 28.Kh1 Kg6 29.g4 Rd7 30.Rfe1 f6 31.Re2 h5 32.h3 Nxe4 33.fxe4 Bc5 34.
Kg2 Rh8 35.Rh1 Rdh7 36.Ree1 a6 37.Rc1 Kf7 38.Ng3 h4 39.Ne2 Be3 40.Rc3 Bc5 
41.Rhc1 Kg6 42.R1c2 Rd7 43.Nc1 Rc8 44.Rf3 Rdc7 45.b3 Ba3 46.Nd3 b5 47.Rcf2
bxc4 48.Rxf6+ Kg7 49.bxc4 Rxc4 50.Rf7+ Kg8 51.Nxe5 Rxe4 52.Nc6 Rf8 53.
Rxf8+ Bxf8 54.Rf5 Re2+ 55.Kf3 Rxa2 56.Rxg5+ Kf7 57.Ne5+ Ke8 58.Rg8 Ra3+ 
59.Ke4 Ke7 60.g5 Rxh3 61.g6 Rg3 62.d6+ Kxd6 63.Rxf8 h3 64.Rh8 Rg2 65.Rxh3 
Ke6 66.Rh5 a5 67.Kf4 a4 68.Rg5 Rf2+ 69.Nf3 1-0

[Event "XLIV C.to Torinese Assoluto"]
[Site "Torino ITA"]
[Date "1999.11.??"]
[Round "?"]
[White "Lo Curto, Emanuele"]
[Black "Racioppo, Paolo"]
[WhiteElo "2081"]
[BlackElo "2189"]
[Result "0-1"]
[PlyCount "120"]
[EventDate "1999.11.05"]

1.e4 c5 2.Nf3 a6 3.c3 d5 4.d3 Nc6 5.Nbd2 e6 6.g3 Bd6 7.Bg2 Nge7 8.O-O b6 
9.Re1 O-O 10.Nf1 Bc7 11.Qc2 a5 12.Nh4 d4 13.c4 Rb8 14.a3 f6 15.f4 Qe8 16.
Nf3 Ba6 17.Bh3 Bc8 18.Qe2 Bd7 19.N1d2 a4 20.Nh4 Na5 21.f5 Qf7 22.fxe6 Bxe6
23.Bxe6 Qxe6 24.Ng2 Ng6 25.Nf3 Nb3 26.Rb1 Nxc1 27.Rbxc1 b5 28.cxb5 Rxb5 
29.Rc4 Qb6 30.Rb1 Ra8 31.Qc2 Bd6 32.Ngh4 Nxh4 33.Nxh4 g6 34.Nf3 Bf8 35.
Rxa4 Rxa4 36.Qxa4 Rxb2 37.Rxb2 Qxb2 38.Qc4+ Kg7 39.e5 Qxa3 40.Qe6 Qc1+ 41.
Kg2 Qc2+ 42.Kh3 Qxd3 43.Qxf6+ Kg8 44.g4 h5 45.Kg2 Qe4 46.e6 Qxg4+ 47.Kf2 
Qf5 48.Qxf5 gxf5 49.Nh4 Kg7 50.Nxf5+ Kf6 51.Ng3 h4 52.Ne2 Kxe6 53.Nf4+ Kf5
54.Nd3 Ke4 55.Ke2 c4 56.Nf2+ Kf5 57.Kd2 Bh6+ 58.Ke2 Be3 59.Nd1 Ke4 60.h3 
c3 0-1